One hockey night /

A story of how Owen and his sister Holly, new to the neighborhood, make all the friends they could ever want thanks to their father's grand gift, a back yard hockey rink!

Bibliographic Details
Main Author: Ward, David, 1967-
Other Authors: Deines, Brian
Format: Book
Language:English
Published: Toronto : North Winds Press, [2010]
Subjects:

MARC

Tag First Indicator Second Indicator Subfields
LEADER 00000cam a2200000 a 4500
001 in00002727607
005 20151202145519.0
008 100129s2010 oncac j 000 1 eng
020 |a 9780545989954 
020 |a 0545989957 
035 |a (OCoLC)ocn505279849 
040 |a NLC  |b eng  |c NLC  |d CDX  |d C#P  |d UtOrBLW 
049 |a TXAM 
055 0 0 |a PS8595 A69  |b O54 2010 fol. 
082 0 |a jC813/.6  |2 22 
090 |a PZ7.W188  |b On 2010 
100 1 |a Ward, David,  |d 1967- 
245 1 0 |a One hockey night /  |c David Ward ; illustrations by Brian Deines. 
264 1 |a Toronto :  |b North Winds Press,  |c [2010] 
264 4 |c ©2010 
300 |a 30 pages :  |b color illustrations, portraits ;  |c 29 cm. 
336 |a text  |b txt  |2 rdacontent 
337 |a unmediated  |b n  |2 rdamedia 
338 |a volume  |b nc  |2 rdacarrier 
520 |a A story of how Owen and his sister Holly, new to the neighborhood, make all the friends they could ever want thanks to their father's grand gift, a back yard hockey rink! 
650 0 |a Hockey stories. 
650 0 |a Christmas stories. 
700 1 |a Deines, Brian. 
945 |a PromptCat  |b 715814 
946 |a curr 
947 |a A14840485417 
948 |a cataloged  |b h  |c 2012/1/30  |d c  |e dmitchel  |f 9:44:16 am 
994 |a 92  |b TXA 
999 |a MARS 
999 f f |s 1aeaffd5-772d-3726-a56f-766b7cae7a92  |i 624324c0-c6cb-361b-813f-c94a1be93d44  |t 0 
952 f f |p normal  |a Texas A&M University  |b College Station  |c Sterling C. Evans Library  |d Evans: Curriculum Collection (4th floor)  |t 0  |e PZ7.W188 On 2010  |h Library of Congress classification  |i unmediated -- volume  |m A14840485417 
998 f f |a PZ7.W188 On 2010  |t 0  |l Evans: Curriculum Collection (4th floor)